Eastern Utah Libraries Catalog: Duchesne, Heber, Roosevelt, & Vernal

This means war (Record no. 84363)

MARC details
000 -LEADER
fixed length control field 03717cgm a2200745Ia 4500
001 - CONTROL NUMBER
control field ocn786052176
003 - CONTROL NUMBER IDENTIFIER
control field OCoLC
005 - DATE AND TIME OF LATEST TRANSACTION
control field 20241220132344.0
008 - FIXED-LENGTH DATA ELEMENTS--GENERAL INFORMATION
fixed length control field 120418s2012 cau097 vleng d
007 - PHYSICAL DESCRIPTION FIXED FIELD--GENERAL INFORMATION
fixed length control field vd cvaizq
040 ## - CATALOGING SOURCE
Original cataloging agency TEFMT
Transcribing agency TEFMT
Modifying agency TEF
-- BDX
-- TEFMT
-- UPZ
-- UINTA
024 1# - OTHER STANDARD IDENTIFIER
Standard number or code 024543755203
024 1# - OTHER STANDARD IDENTIFIER
Standard number or code 024543755210
028 42 - PUBLISHER NUMBER
Publisher number 2275520
Source 20th Century Fox Home Entertainment
028 42 - PUBLISHER NUMBER
Publisher number 2275521
Source 20th Century Fox Home Entertainment
035 ## - SYSTEM CONTROL NUMBER
System control number (OCoLC)786052176
037 ## - SOURCE OF ACQUISITION
Source of stock number/acquisition Midwest Tape
Note http://www.midwesttapes.com
041 1# - LANGUAGE CODE
Language code of text/sound track or separate title eng
-- fre
-- spa
-- eng
-- spa
Language code of original and/or intermediate translations of text eng
050 #4 - LIBRARY OF CONGRESS CALL NUMBER
Classification number PN1997.2
Item number .T458 2012
082 04 - DEWEY DECIMAL CLASSIFICATION NUMBER
Classification number 791.43/72
Edition number 23
049 ## - LOCAL HOLDINGS (OCLC)
Holding library UCLB
092 ## - LOCALLY ASSIGNED DEWEY CALL NUMBER (OCLC)
Classification number 791.437
245 00 - TITLE STATEMENT
Title This means war
Medium [videorecording]
Statement of responsibility, etc Twentieth Century Fox [and] Overbrook Entertainment/Robert Simonds Company production ; produced by Robert Simonds ... [et al.] ; screenplay by Timothy Dowling and Simon Kinberg ; directed by McG.
246 1# - VARYING FORM OF TITLE
Display text French title:
Title proper/short title C'est la guerre
260 ## - PUBLICATION, DISTRIBUTION, ETC. (IMPRINT)
Place of publication, distribution, etc Beverly Hills, CA :
Name of publisher, distributor, etc 20th Century Fox Home Entertainment,
Date of publication, distribution, etc c2012.
300 ## - PHYSICAL DESCRIPTION
Extent 1 videodisc (97 min.) :
Other physical details sd., col. ;
Dimensions 4 3/4 in.
538 ## - SYSTEM DETAILS NOTE
System details note DVD ; Dolby digital 5.1 (English, English descriptive audio), Dolby surround (Spanish, French) ; widescreen (2.40:1).
546 ## - LANGUAGE NOTE
Language note English subtitles for the deaf and hard of hearing (SDH); English descriptive audio for people with visual disabilities; closed-captioned.
546 ## - LANGUAGE NOTE
Language note English, French or Spanish dialogue; Spanish subtitles.
500 ## - GENERAL NOTE
General note Title from container.
511 1# - PARTICIPANT OR PERFORMER NOTE
Participant or performer note Reese Witherspoon, Chris Pine, Tom Hardy, Til Schweiger.
500 ## - GENERAL NOTE
General note Originally released as a motion picture in 2012.
500 ## - GENERAL NOTE
General note Release date: May. 22, 2012.
521 8# - TARGET AUDIENCE NOTE
Target audience note MPAA rating: PG-13; for some sexual content ;
-- CHV rating: PG; for violence, sexual content, language may offend
-- OFRB rating: 14A; for language and graphic violence.
520 ## - SUMMARY, ETC.
Summary, etc FDR and Tuck are covert CIA operatives and best buddies, until they both fall for charming and sexy Lauren. Their friendship is put to the ultimate test as they wage an epic battle for her affection, using their surveillance skills and an array of high-tech gadgetry. May the best spy win!
500 ## - GENERAL NOTE
General note Special features include: Deleted scenes ; 2 alternate endings ; Audio commentary with director.
650 #0 - SUBJECT ADDED ENTRY--TOPICAL TERM
Topical term or geographic name as entry element Male friendship
Form subdivision Drama.
9 (RLIN) 5683282
650 #0 - SUBJECT ADDED ENTRY--TOPICAL TERM
Topical term or geographic name as entry element Man-woman relationships
Form subdivision Drama.
9 (RLIN) 5673977
650 #0 - SUBJECT ADDED ENTRY--TOPICAL TERM
Topical term or geographic name as entry element Spies
Form subdivision Drama.
9 (RLIN) 5709316
650 #7 - SUBJECT ADDED ENTRY--TOPICAL TERM
Topical term or geographic name as entry element Amistad
Form subdivision Teatro.
Source of heading or term bidex
9 (RLIN) 5675519
650 #7 - SUBJECT ADDED ENTRY--TOPICAL TERM
Topical term or geographic name as entry element Relaciones hombre-mujer
Form subdivision Teatro.
Source of heading or term bidex
9 (RLIN) 5693481
655 #7 - INDEX TERM--GENRE/FORM
Genre/form data or focus term Feature films.
Source of term lcgft
9 (RLIN) 6235271
655 #7 - INDEX TERM--GENRE/FORM
Genre/form data or focus term Comedy films.
Source of term lcgft
9 (RLIN) 6235272
655 #7 - INDEX TERM--GENRE/FORM
Genre/form data or focus term Romantic comedy films.
Source of term lcgft
9 (RLIN) 6235273
655 #7 - INDEX TERM--GENRE/FORM
Genre/form data or focus term Action and adventure films.
Source of term lcgft
9 (RLIN) 6235274
655 #7 - INDEX TERM--GENRE/FORM
Genre/form data or focus term Spy films.
Source of term lcgft
9 (RLIN) 6235275
655 #7 - INDEX TERM--GENRE/FORM
Genre/form data or focus term Video recordings for the hearing impaired.
Source of term lcgft
9 (RLIN) 6235276
655 #7 - INDEX TERM--GENRE/FORM
Genre/form data or focus term Video recordings for people with visual disabilities.
Source of term lcgft
9 (RLIN) 5676923
700 1# - ADDED ENTRY--PERSONAL NAME
Personal name McG
Fuller form of name (Joseph McGinty Nichol)
9 (RLIN) 66760
700 1# - ADDED ENTRY--PERSONAL NAME
Personal name Simonds, Robert,
Dates associated with a name 1964-
9 (RLIN) 71768
700 1# - ADDED ENTRY--PERSONAL NAME
Personal name Dowling, Timothy,
Dates associated with a name 1973-
9 (RLIN) 6223295
700 1# - ADDED ENTRY--PERSONAL NAME
Personal name Kinberg, Simon.
9 (RLIN) 53018
700 1# - ADDED ENTRY--PERSONAL NAME
Personal name Pine, Chris,
Dates associated with a name 1980-
9 (RLIN) 73208
700 1# - ADDED ENTRY--PERSONAL NAME
Personal name Hardy, Tom,
Dates associated with a name 1977-
9 (RLIN) 5763497
700 1# - ADDED ENTRY--PERSONAL NAME
Personal name Witherspoon, Reese,
Dates associated with a name 1976-
9 (RLIN) 66127
700 1# - ADDED ENTRY--PERSONAL NAME
Personal name Schweiger, Til,
Dates associated with a name 1963-
9 (RLIN) 5854747
710 2# - ADDED ENTRY--CORPORATE NAME
Corporate name or jurisdiction name as entry element Twentieth Century-Fox Film Corporation.
9 (RLIN) 5758
710 2# - ADDED ENTRY--CORPORATE NAME
Corporate name or jurisdiction name as entry element Overbrook Entertainment (Firm)
9 (RLIN) 5803064
710 2# - ADDED ENTRY--CORPORATE NAME
Corporate name or jurisdiction name as entry element Robert Simonds Company.
9 (RLIN) 6206929
710 2# - ADDED ENTRY--CORPORATE NAME
Corporate name or jurisdiction name as entry element Twentieth Century Fox Home Entertainment, Inc.
9 (RLIN) 61951
938 ## -
-- Brodart
-- BROD
-- 101415400
-- $29.98
942 ## - ADDED ENTRY ELEMENTS (KOHA)
Koha item type DVD
994 ## -
-- C0
-- UINTA
998 ## - LOCAL CONTROL INFORMATION (RLIN)
-- a151810
Holdings
Withdrawn status Lost status Source of classification or shelving scheme Damaged status Not for loan Collection code Home library Current library Shelving location Date acquired Source of acquisition Cost, normal purchase price Total Checkouts Total Renewals Full call number Barcode Date last seen Date checked out Cost, replacement price Price effective from Koha item type
    Dewey Decimal Classification     Movies Wasatch County Library Wasatch County Library Audio Visual Area 07/02/2012 Amazon 15.95 123 12 DVD Thi 34301001616244 12/02/2025 11/20/2025 15.95 03/20/2020 DVD
This project was made possible through a grant from the Institute of Museum and Library Service administered by the Utah State Library Division.

Wasatch County Library

  • 465 East 1200 South, Heber City, Utah 84032
  • Phone 435-654-1511 | Fax 435-654-6456

Hours

  • Monday - Friday 9:30 AM - 8:00 PM
  • Saturday 9:30 AM - 1:30 PM
  • Closed Sundays and Holidays